000 00592cam a2200193 a 4500
001 000018046
005 20200929165330.0
008 710628s1971 nyu 000 0aeng d
040 _aDO-SdBNP
_beng
_cLC
_dBNPHU
082 _a153.1526
_bB533d
100 1 _aBerrigan, Daniel.
_939126
245 1 4 _aThe dark night of resistance /
_cDaniel Berrigan.
260 _aGarden City, New York :
_bDoubleday & Company,
_c1971.
300 _avi, 181 p. ;
_c22 cm.
650 4 _aCondicionamiento operante
_939127
650 4 _aAprendizaje
_9812
910 _aCatalogación por copia / LC
049 _aBNGR
999 _c17568
_d17568